MARC

LEADER 00000nam0a2200000 4500
001 359185
005 20231102011152.0
035 |a (RuTPU)RU\TPU\retro\16457 
035 |a RU\TPU\retro\16456 
090 |a 359185 
100 |a 20200924d1933 k y0rusy50 ca 
101 0 |a rus  |a eng 
102 |a RU 
105 |a a z 001zy 
200 1 |a Геологическое описание Белорецкого района Южного Урала  |f Р. Э. Квятковский  |g Центральный научно-исследовательский геологоразведочный институт (ЦНИГРИ), Сектор геологической карты ; СССР, Всесоюзное геологоразведочное объединение 
210 |a Москва  |a Ленинград  |c Государственное научно-техническое геолого-разведочное изд-во  |d 1933 
215 |a 48 с.  |c ил.  |e 1 карта 
225 1 |a Труды Всесоюзного геолого-разведочного (геологоразведочного) объединения  |v Вып. 297 
320 |a Библиогр.: с. 43-44 
606 1 |a Геология  |y Урал  |2 stltpush  |3 (RuTPU)RU\TPU\subj\69966  |9 84574 
610 1 |a геологический очерк 
610 1 |a осадочные образования 
610 1 |a тектоника 
610 1 |a полезные ископаемые 
610 1 |a петрография 
610 1 |a амфиболиты 
610 1 |a интрузивные породы 
610 1 |a стратиграфия 
675 |a 55(470.5)  |v 4 
700 1 |a Квятковский  |b Р. Э. 
712 0 2 |a Центральный научно-исследовательский геологоразведочный институт (ЦНИГРИ)  |b Сектор геологической карты  |c (1931-1938)  |2 stltpush  |3 (RuTPU)RU\TPU\col\18472 
712 0 1 |a СССР  |b Всесоюзное геологоразведочное объединение  |c (1931-1933)  |2 stltpush  |3 (RuTPU)RU\TPU\col\18435  |9 27031 
801 1 |a RU  |b 63413507  |c 20171115 
801 2 |a RU  |b 63413507  |c 20200924  |g RCR 
942 |c BK